000 00463nam a22001817a 4500
003 CEME
005 20210628202826.0
008 210125b xxu||||| |||| 00| 0 eng d
020 _a81-7319-616-8
040 _c.
082 _a41745
100 _aBishop, David
_961813
245 _aIntroduction to cryptography with java applets
260 _aNEW DELHI
_bNAROSA PUBLISHING
_c2003
300 _aXVI,369 P
650 _aCRYPTOGRAPHY
_919906
942 _cBK
_2ddc
999 _c571135
_d571135